[Event "BIH-chT2"]
[Site "Bosna"]
[Date "2017.08.30"]
[Round "9.2"]
[White "Kasumovic, Muhidin"]
[Black "Avdic, Mirza"]
[Result "0-1"]
[WhiteElo "1940"]
[BlackElo "2181"]
[PlyCount "112"]
[EventDate "2017.08.25"]
[EventType "team-tourn"]
[EventRounds "9"]
[EventCountry "BIH"]
[SourceTitle "EXT 2019"]
[Source "ChessBase"]
[SourceDate "2018.10.10"]
[SourceVersion "1"]
[SourceVersionDate "2018.10.10"]
[SourceQuality "1"]

1. e4 c5 2. Nf3 e6 3. c3 Nf6 4. d3 d5 5. Bg5 Nc6 6. e5 h6 7. Bh4 g5 8. Bg3 Nd7 9. h3 Qa5 10. Nbd2 Bg7 11. d4 cxd4 12. Nb3 Qb6 13. cxd4 Qb4+ 14. Qd2 0-0 15. Be2 f6 16. exf6 Nxf6 17. Bd3 Nh5 18. Qc3 Nxg3 19. fxg3 Qd6 20. 0-0 Qxg3 21. Ne5 Bxe5 22. dxe5 Qxe5 23. Rxf8+ Kxf8 24. Rf1+ Kg7 25. Qc2 Bd7 26. Qf2 Qf4 27. Qc5 Qb4 28. Qe3 Rf8 29. Nc5 Bc8 30. Nxe6+ Bxe6 31. Qxe6 Rxf1+ 32. Bxf1 Qd4+ 33. Kh1 Qf6 34. Qe2 Nd4 35. Qd1 Nf5 36. Bb5 Qe5 37. Bd7 Ne3 38. Qd3 Qe4 39. Qxe4 dxe4 40. Bc8 b6 41. Ba6 Kf6 42. Kg1 Ke5 43. b3 Nd1 44. Kf1 Nc3 45. a4 Kf4 46. Kf2 h5 47. g3+ Ke5 48. Ke3 Nd5+ 49. Kd2 h4 50. gxh4 gxh4 51. Be2 Kd4 52. Bg4 Nf4 53. Kc2 a5 54. Bd7 Nd3 55. Be6 Nc5 56. Bc4 Nxa4 0-1

[Event "Lukavac op 5th"]
[Site "Lukavac"]
[Date "2016.11.27"]
[Round "7"]
[White "Janjic, Nikola"]
[Black "Kasumovic, Muhidin"]
[Result "1-0"]
[WhiteElo "1873"]
[BlackElo "2044"]
[PlyCount "71"]
[EventDate "2016.11.24"]
[EventType "swiss"]
[EventRounds "7"]
[EventCountry "BIH"]
[SourceTitle "EXT 2019"]
[Source "ChessBase"]
[SourceDate "2018.10.10"]
[SourceVersion "1"]
[SourceVersionDate "2018.10.10"]
[SourceQuality "1"]

1. c4 Nc6 2. Nc3 Nf6 3. g3 e5 4. Bg2 Bc5 5. e3 d6 6. Nge2 a6 7. 0-0 0-0 8. b3 Bd7 9. Bb2 Rb8 10. d4 Ba7 11. dxe5 Nxe5 12. Nd5 Ne8 13. Nd4 c6 14. Nf4 Rc8 15. a4 f5 16. Nde6 Qf6 17. Nxf8 Qxf8 18. Bxe5 dxe5 19. Qxd7 Nf6 20. Qe6+ Kh8 21. Qxe5 Ng4 22. Qc3 Re8 23. Rfe1 Bc5 24. Re2 Qd6 25. Nd3 Ba7 26. c5 Qh6 27. h3 Nf6 28. Rd1 Bb8 29. Red2 g5 30. Ne1 Be5 31. Qc2 f4 32. Rd8 fxe3 33. Rxe8+ Nxe8 34. Rd8 exf2+ 35. Qxf2 Qe6 36. Qf8+ 1-0

[Event "Lukavac op 5th"]
[Site "Lukavac"]
[Date "2016.11.25"]
[Round "3"]
[White "Trkulja, Goran"]
[Black "Kasumovic, Muhidin"]
[Result "1-0"]
[WhiteElo "2301"]
[BlackElo "2044"]
[PlyCount "109"]
[EventDate "2016.11.24"]
[EventType "swiss"]
[EventRounds "7"]
[EventCountry "BIH"]
[SourceTitle "EXT 2019"]
[Source "ChessBase"]
[SourceDate "2018.10.10"]
[SourceVersion "1"]
[SourceVersionDate "2018.10.10"]
[SourceQuality "1"]

1. e4 e5 2. Nf3 Nc6 3. d4 exd4 4. Nxd4 Bc5 5. Nb3 Bb6 6. Nc3 Qf6 7. Qd2 Nge7 8. Qf4 Qxf4 9. Bxf4 d6 10. Nd2 0-0 11. Nc4 Ng6 12. Nxb6 axb6 13. Be3 Nb4 14. Kd2 Be6 15. a3 c5 16. Be2 Nc6 17. f4 Nge7 18. f5 Bd7 19. Nb5 d5 20. f6 gxf6 21. Nc7 Rac8 22. Nxd5 Nxd5 23. exd5 Ne5 24. c4 Rfe8 25. Rhf1 Kg7 26. Bf4 Re7 27. h3 Rce8 28. Rf2 Bf5 29. Bxe5 Rxe5 30. a4 Bd7 31. Ra3 f5 32. Rg3+ Kf6 33. b3 h6 34. Rgf3 h5 35. Rf4 Kg5 36. h4+ Kg6 37. Bd3 f6 38. g4 hxg4 39. Rxg4+ Kf7 40. Rgf4 Rh8 41. Rh2 Rh5 42. Be2 Rh6 43. h5 Re4 44. Rhh4 Re5 45. Rf2 Re4 46. Rfh2 Ke7 47. Rxe4+ fxe4 48. Ke3 f5 49. Kf4 Kf6 50. Rg2 Be8 51. Rg5 Bd7 52. Bf1 Kf7 53. Bh3 Kf6 54. Bxf5 Be8 55. Bg4 1-0